| 000 | 00556nam a22001937a 4500 | ||
|---|---|---|---|
| 999 |
_c16459 _d16459 |
||
| 003 | AR-CdUCM | ||
| 008 | 190503b ||||| |||| 00| 0 ita d | ||
| 040 |
_aMUNICIPALIDAD PROVINCIAL DEL CUSCO _cBIBLIOTECA MUNICIPAL DEL CUSCO |
||
| 082 |
_a851.9 / _bD78 |
||
| 100 |
_aDini, Olinto _911383 |
||
| 245 | _aBiancofiore / | ||
| 260 |
_aMilano : _bL´eoica, _c1933. |
||
| 300 |
_a103 páginas ; _c19.5 cm. |
||
| 500 | _aTexto en Italiano. | ||
| 650 |
_aLiteratura Italiana _9615 |
||
| 650 |
_aSiglo XX _98 |
||
| 942 |
_2ddc _cLIBROS |
||
| 945 |
_aachl _d2019-05-03 |
||